000 00344nam a2200133Ia 4500
008 220405s9999||||xx |||||||||||||| ||und||
082 _a894.8143 SUB
100 _aTa.Ra.Su
245 0 _aKasthuri kankana
260 _aHemanth prakashana
_bBangalore
_c2017
300 _a272p.
_bRs.180
650 _aGENERAL BOOKS
942 _cSpecial Collection
999 _c189647
_d189647